Catálogo
 En Linea

Incidencia de la Corporación Dominicana de Electricidad en el desarrollo económico del país / (Registro nro. 27641)

Detalles MARC
000 -CABECERA
campo de control de longitud fija 00834nam a2200157 a 4500
001 - NÚMERO DE CONTROL
campo de control 000028149
005 - FECHA Y HORA DE LA ÚLTIMA TRANSACCIÓN
campo de control 20200930031406.0
008 - DATOS DE LONGITUD FIJA--INFORMACIÓN GENERAL
campo de control de longitud fija 110407s1981 dr ac r 000 0 spa d
040 ## - FUENTE DE LA CATALOGACIÓN
Centro catalogador/agencia de origen DO-SdBNP
Lengua de catalogación spa
Centro/agencia transcriptor BNPHU
082 ## - NÚMERO DE LA CLASIFICACIÓN DECIMAL DEWEY
Número de clasificación xxxx
Número de documento/Ítem F633i
100 1# - ENTRADA PRINCIPAL--NOMBRE DE PERSONA
Nombre de persona Florentino R., José E.
9 (RLIN) 55151
245 10 - MENCIÓN DE TÍTULO
Título Incidencia de la Corporación Dominicana de Electricidad en el desarrollo económico del país /
Mención de responsabilidad, etc. José E. Florentino R.
260 ## - PUBLICACIÓN, DISTRIBUCIÓN, ETC.
Lugar de publicación, distribución, etc. Santo Domingo :
Nombre del editor, distribuidor, etc. Corporación Dominicana de Electricidad,
Fecha de publicación, distribución, etc. 1981.
300 ## - DESCRIPCIÓN FÍSICA
Extensión 17 p. :
Otras características físicas il., retr. ;
Dimensiones 21 cm.
500 ## - NOTA GENERAL
Nota general Discurso pronunciado por el Lic. José E. Florentino R., Administrador General de la Corporación Dominicana de Electricidad, durante el almuerzo de la Cámara de Comercio, Agricultura e Industria del Distrito Nacional, inc., celebrado en el Hotel Lina, el día 12 de marzo de 1981.
Existencias
Estado de retiro Estado de pérdida Restricciones de uso No para préstamo Código de colección Localización permanente Ubicación/localización actual Ubicación en estantería Fecha de adquisición Número de inventario Total de préstamos Signatura topográfica completa Código de barras Fecha visto por última vez Número de copia Precio válido a partir de Tipo de ítem Koha
        Dominicana de Servicio General General En catalogación 07.04.2011 LF1   xxxx F633i 28149-30 25.06.2020 e. 3 25.06.2020 Libro y Folleto Colección Dominicana de Servicio
      Excluido de préstamo Patrimonio Dominicano Patrimonio Dominicano Patrimonio Dominicano En catalogación 07.04.2011 LF1   xxxx F633i 28149-10 25.06.2020   25.06.2020 Libro y Folleto Colección Patrimonio Dominicano
      Excluido de préstamo Patrimonio Dominicano Patrimonio Dominicano Patrimonio Dominicano En catalogación 07.04.2011 LF1   xxxx F633i 28149-20 25.06.2020 e. 2 25.06.2020 Libro y Folleto Colección Patrimonio Dominicano

Con tecnología Koha